Financování komunálními obligacemi v USA

Dlhopis (obligácia) - sľub toho, kto si vypožičiava, splatiť dlh a úrok tomu, kto požičiava. V USA 4 základné typy obligácií: obligácie korporácií, vládne a hypotéčne, komunálne, medzinárodné. Základné charakteristiky trhu komunálnych obligácií v USA. Finančné štrukturovanie. Zaistenie, ocenenie obl...

ver descrição completa

Na minha lista:
Detalhes bibliográficos
Autor principal: Burke, K.
Outros Autores: Marshall, Albert W.
Formato: Capítulo de Livro
Idioma:tcheco
Assuntos:
Tags: Adicionar Tag
Sem tags, seja o primeiro a adicionar uma tag!

MARC

LEADER 00000naa a2200000 4500
001 r015397
005 20221205090226.6
041 0 |a cze 
044 |a CZ 
245 1 0 |a Financování komunálními obligacemi v USA  |c K. Burke, A. Marshall 
520 |a Dlhopis (obligácia) - sľub toho, kto si vypožičiava, splatiť dlh a úrok tomu, kto požičiava. V USA 4 základné typy obligácií: obligácie korporácií, vládne a hypotéčne, komunálne, medzinárodné. Základné charakteristiky trhu komunálnych obligácií v USA. Finančné štrukturovanie. Zaistenie, ocenenie obligácií a ocenenie dôveryhodnosti. Právo emitovať obligácie a zmluvy. Politika a riziká súvisiace s emitovaním obligácií. 
610 2 0 |a obligácie 
610 2 0 |a dlhopisy komunálne 
610 2 0 |a USA 
100 1 |a Burke, K. 
700 1 |a Marshall, Albert W.